[Event "European Women's Championship"]
[Site "Vysoke Tatry"]
[Date "2018.04.12"]
[Round "5"]
[White "Mkrtchian, Lilit"]
[Black "Kubicka, Anna"]
[Result "1-0"]
[Board "48"]
[WhiteElo "2403"]
[WhiteTitle "IM"]
[WhiteCountry "ARM"]
[WhiteFideId "13300601"]
[WhiteEloChange "3"]
[BlackElo "2215"]
[BlackTitle "WFM"]
[BlackCountry "POL"]
[BlackFideId "1152254"]
[BlackEloChange "-5"]

1. Nf3 {[%clk 1:30:48]} Nf6 {[%clk 1:30:45]} 2. g3 {[%clk 1:30:49]} g6 {[%clk
1:31:07]} 3. Bg2 {[%clk 1:31:06]} Bg7 {[%clk 1:31:29]} 4. O-O {[%clk 1:31:08]}
O-O {[%clk 1:31:52]} 5. d4 {[%clk 1:31:29]} d6 {[%clk 1:32:04]} 6. b3 {[%clk
1:31:31]} Nbd7 {[%clk 1:31:55]} 7. Bb2 {[%clk 1:31:50]} e5 {[%clk 1:31:17]} 8.
dxe5 {[%clk 1:31:53]} Ng4 {[%clk 1:30:59]} 9. Qd2 {[%clk 1:26:39]} Ngxe5 {[%clk
1:30:23]} 10. Nxe5 {[%clk 1:22:16]} Nxe5 {[%clk 1:30:12]} 11. c4 {[%clk 1:22:31]}
Rb8 {[%clk 1:22:24]} 12. Nc3 {[%clk 1:22:24]} Be6 {[%clk 1:21:23]} 13. h3 {[%clk
1:19:10]} Qd7 {[%clk 1:16:53]} 14. Kh2 {[%clk 1:18:49]} f5 {[%clk 1:16:22]} 15.
f4 {[%clk 1:08:36]} Nc6 {[%clk 1:15:10]} 16. Rad1 {[%clk 1:07:44]} Rbd8 {[%clk
1:09:23]} 17. Nd5 {[%clk 1:05:29]} Bxd5 {[%clk 1:05:07]} 18. cxd5 {[%clk
0:58:44]} Nb8 {[%clk 1:04:09]} 19. Rc1 {[%clk 0:54:58]} Rde8 {[%clk 1:00:26]} 20.
Bf3 {[%clk 0:54:35]} Bxb2 {[%clk 0:59:14]} 21. Qxb2 {[%clk 0:53:33]} Re7 {[%clk
0:59:29]} 22. Rc4 {[%clk 0:45:24]} Na6 {[%clk 0:54:54]} 23. Qd4 {[%clk 0:41:47]}
Nc5 {[%clk 0:52:43]} 24. b4 {[%clk 0:41:25]} Ne4 {[%clk 0:52:00]} 25. Rfc1 {[%clk
0:41:39]} Qd8 {[%clk 0:48:28]} 26. R1c2 {[%clk 0:28:05]} b6 {[%clk 0:47:27]} 27.
Rc6 {[%clk 0:27:55]} g5 {[%clk 0:44:04]} 28. fxg5 {[%clk 0:16:40]} Nxg5 {[%clk
0:43:36]} 29. Qf4 {[%clk 0:12:54]} Ne4 {[%clk 0:37:30]} 30. R6c4 {[%clk 0:12:25]}
Rff7 {[%clk 0:34:31]} 31. Bh5 {[%clk 0:03:28]} Rg7 {[%clk 0:32:18]} 32. g4 {[%clk
0:03:34]} Nf6 {[%clk 0:31:20]} 33. Qxf5 {[%clk 0:03:42]} Re5 {[%clk 0:30:59]} 34.
Qf3 {[%clk 0:04:00]} Nxh5 {[%clk 0:31:00]} 35. gxh5 {[%clk 0:04:17]} Reg5 {[%clk
0:25:58]} 36. e3 {[%clk 0:04:03]} Qe8 {[%clk 0:24:39]} 37. Re4 {[%clk 0:03:58]}
Re5 {[%clk 0:13:14]} 38. Rg4 {[%clk 0:03:57]} Reg5 {[%clk 0:13:32]} 39. Re4
{[%clk 0:03:46]} Re5 {[%clk 0:13:26]} 40. Rg4 {[%clk 0:34:13]} Reg5 {[%clk
0:43:53]} 41. Rxg5 {[%clk 0:19:08]} Rxg5 {[%clk 0:44:11]} 42. Qf6 {[%clk
0:19:20]} Rg7 {[%clk 0:37:01]} 43. h6 {[%clk 0:18:31]} Rg6 {[%clk 0:36:54]} 44.
Qf5 {[%clk 0:13:58]} Qd8 {[%clk 0:35:52]} 45. Rf2 {[%clk 0:12:04]} Qe8 {[%clk
0:34:44]} 46. Qf4 {[%clk 0:10:21]} a6 {[%clk 0:33:57]} 47. a3 {[%clk 0:06:49]}
Qe7 {[%clk 0:32:13]} 48. h4 {[%clk 0:01:22]} a5 {[%clk 0:28:10]} 49. bxa5 {[%clk
0:01:34]} bxa5 {[%clk 0:28:37]} 50. Kh1 {[%clk 0:01:25]} a4 {[%clk 0:27:19]} 51.
e4 {[%clk 0:00:39]} Qd8 {[%clk 0:17:36]} 52. Kh2 {[%clk 0:00:51]} Qe7 {[%clk
0:16:34]} 53. Rf3 {[%clk 0:01:12]} Qe5 {[%clk 0:16:21]} 54. Qxe5 {[%clk 0:01:27]}
dxe5 {[%clk 0:16:50]} 55. Rc3 {[%clk 0:01:52]} Rxh6 {[%clk 0:13:15]} 56. Kh3
{[%clk 0:02:06]} Rf6 {[%clk 0:13:22]} 57. Rxc7 {[%clk 0:02:29]} Rf3+ {[%clk
0:13:18]} 58. Kg4 {[%clk 0:02:55]} Rf4+ {[%clk 0:13:14]} 59. Kg5 {[%clk 0:03:17]}
h6+ {[%clk 0:12:31]} 60. Kxh6 {[%clk 0:01:05]} Rxe4 {[%clk 0:11:56]} 61. h5
{[%clk 0:00:58]} Rd4 {[%clk 0:11:55]} 62. Kg6 {[%clk 0:01:13]} Rg4+ {[%clk
0:12:01]} 63. Kf6 {[%clk 0:01:22]} Rd4 {[%clk 0:11:24]} 64. Kxe5 {[%clk 0:01:02]}
Rh4 {[%clk 0:11:52]} 65. Kf5 {[%clk 0:00:45]} Kf8 {[%clk 0:11:36]} 66. Kg6 {[%clk
0:00:34]} Rg4+ {[%clk 0:11:22]} 67. Kf6 {[%clk 0:01:00]} Rf4+ {[%clk 0:11:49]}
68. Ke6 {[%clk 0:01:19]} Re4+ {[%clk 0:12:15]} 69. Kd6 {[%clk 0:00:40]} Rh4
{[%clk 0:12:37]} 70. Ra7 {[%clk 0:00:54]} Rxh5 {[%clk 0:12:52]} 71. Rxa4 {[%clk
0:01:21]} Rh6+ {[%clk 0:13:05]} 72. Kc7 {[%clk 0:01:40]} Rh3 {[%clk 0:12:06]} 73.
d6 {[%clk 0:01:47]} Rc3+ {[%clk 0:11:56]} 74. Kd8 {[%clk 0:02:09]} Kf7 {[%clk
0:12:19]} 75. d7 {[%clk 0:02:31]} Rh3 {[%clk 0:11:21]} 76. Rf4+ {[%clk 0:01:05]}
Ke6 {[%clk 0:11:48]} 77. Re4+ {[%clk 0:01:20]} Kd6 {[%clk 0:11:53]} 78. Rd4+
{[%clk 0:01:41]} Ke5 {[%clk 0:05:14]} 79. Rd1 {[%clk 0:01:52]} Rxa3 {[%clk
0:05:17]} 80. Ke8 {[%clk 0:01:59]} 1-0

[Event "European Women's Championship"]
[Site "Vysoke Tatry"]
[Date "2018.04.12"]
[Round "5"]
[White "Sliwicka, Alicja"]
[Black "Mrvova, Alena"]
[Result "0-1"]
[Board "49"]
[WhiteElo "2329"]
[WhiteTitle "WFM"]
[WhiteCountry "POL"]
[WhiteFideId "1150677"]
[WhiteEloChange "-14"]
[BlackElo "2179"]
[BlackTitle "WIM"]
[BlackCountry "SVK"]
[BlackFideId "14902036"]
[BlackEloChange "14"]

1. e4 {[%clk 1:30:57]} c5 {[%clk 1:30:36]} 2. Nf3 {[%clk 1:31:21]} d6 {[%clk
1:30:39]} 3. d4 {[%clk 1:31:45]} cxd4 {[%clk 1:31:04]} 4. Nxd4 {[%clk 1:32:11]}
a6 {[%clk 1:31:11]} 5. c4 {[%clk 1:31:29]} e5 {[%clk 1:27:51]} 6. Nc2 {[%clk
1:30:05]} Be6 {[%clk 1:26:18]} 7. Nc3 {[%clk 1:29:38]} Nf6 {[%clk 1:26:04]} 8.
Bg5 {[%clk 1:25:49]} Nbd7 {[%clk 1:25:42]} 9. Be2 {[%clk 1:24:10]} h6 {[%clk
1:21:08]} 10. Bxf6 {[%clk 1:24:05]} Qxf6 {[%clk 1:19:24]} 11. Ne3 {[%clk
1:22:52]} Rc8 {[%clk 1:14:59]} 12. Rc1 {[%clk 1:17:41]} Qd8 {[%clk 1:11:34]} 13.
O-O {[%clk 1:16:40]} Be7 {[%clk 1:10:30]} 14. Ncd5 {[%clk 1:08:06]} Bg5 {[%clk
1:07:16]} 15. Rc3 {[%clk 1:06:25]} Nc5 {[%clk 1:05:15]} 16. Qc2 {[%clk 1:01:15]}
O-O {[%clk 1:03:52]} 17. b4 {[%clk 0:47:42]} Nd7 {[%clk 1:03:27]} 18. Rd1 {[%clk
0:47:20]} b6 {[%clk 0:54:47]} 19. a3 {[%clk 0:44:37]} Nb8 {[%clk 0:51:57]} 20. b5
{[%clk 0:37:07]} a5 {[%clk 0:50:39]} 21. g3 {[%clk 0:32:32]} Nd7 {[%clk 0:49:01]}
22. h4 {[%clk 0:32:26]} Bxe3 {[%clk 0:49:01]} 23. Nxe3 {[%clk 0:32:26]} Qe7
{[%clk 0:49:40]} 24. Rcd3 {[%clk 0:30:36]} Rc5 {[%clk 0:41:06]} 25. Rxd6 {[%clk
0:30:19]} Rfc8 {[%clk 0:41:05]} 26. Qb1 {[%clk 0:27:44]} g6 {[%clk 0:39:31]} 27.
R6d2 {[%clk 0:25:31]} Nf6 {[%clk 0:38:27]} 28. Nd5 {[%clk 0:22:59]} Bxd5 {[%clk
0:35:08]} 29. exd5 {[%clk 0:23:15]} Qd6 {[%clk 0:34:55]} 30. Qb3 {[%clk 0:22:14]}
Ne4 {[%clk 0:31:20]} 31. Rb2 {[%clk 0:22:28]} f5 {[%clk 0:30:43]} 32. Qe3 {[%clk
0:22:19]} Kg7 {[%clk 0:29:28]} 33. Re1 {[%clk 0:19:27]} Re8 {[%clk 0:28:12]} 34.
Kg2 {[%clk 0:18:41]} Qf6 {[%clk 0:28:14]} 35. d6 {[%clk 0:12:47]} Nxd6 {[%clk
0:27:21]} 36. Rd1 {[%clk 0:12:26]} f4 {[%clk 0:21:19]} 37. Qc3 {[%clk 0:07:32]}
Re7 {[%clk 0:20:13]} 38. Rd5 {[%clk 0:06:49]} Rxd5 {[%clk 0:18:13]} 39. cxd5
{[%clk 0:07:14]} Rf7 {[%clk 0:18:25]} 40. Bg4 {[%clk 0:31:41]} h5 {[%clk
0:40:03]} 41. Be6 {[%clk 0:31:06]} Re7 {[%clk 0:36:30]} 42. Qc6 {[%clk 0:24:59]}
Ne4 {[%clk 0:35:39]} 43. Qxb6 {[%clk 0:24:17]} g5 {[%clk 0:35:01]} 44. hxg5
{[%clk 0:22:16]} Nxg5 {[%clk 0:35:12]} 45. Qc5 {[%clk 0:17:21]} f3+ {[%clk
0:25:06]} 46. Kh2 {[%clk 0:16:41]} h4 {[%clk 0:25:12]} 47. Qe3 {[%clk 0:15:45]}
hxg3+ {[%clk 0:25:30]} 48. Kxg3 {[%clk 0:15:42]} Rxe6 {[%clk 0:23:23]} 49. dxe6
{[%clk 0:15:56]} Qf5 {[%clk 0:23:49]} 50. Qxg5+ {[%clk 0:13:19]} Qxg5+ {[%clk
0:24:14]} 51. Kxf3 {[%clk 0:13:45]} Qf5+ {[%clk 0:22:15]} 52. Ke2 {[%clk
0:12:53]} Qe4+ {[%clk 0:21:35]} 53. Kd1 {[%clk 0:12:06]} Kf6 {[%clk 0:18:58]} 54.
b6 {[%clk 0:11:37]} Qb7 {[%clk 0:19:13]} 55. a4 {[%clk 0:09:47]} Kxe6 {[%clk
0:19:19]} 56. Kc1 {[%clk 0:10:12]} Kd5 {[%clk 0:17:15]} 57. Kb1 {[%clk 0:10:09]}
Kc4 {[%clk 0:16:51]} 58. Ka2 {[%clk 0:10:11]} Kc5 {[%clk 0:16:30]} 59. Ka1 {[%clk
0:08:10]} Kc6 {[%clk 0:13:29]} 60. Rc2+ {[%clk 0:07:44]} Kd6 {[%clk 0:13:53]} 61.
Rb2 {[%clk 0:08:07]} Kd7 {[%clk 0:14:15]} 62. Ka2 {[%clk 0:06:58]} Kc8 {[%clk
0:14:38]} 63. Ka3 {[%clk 0:06:55]} Qe7+ {[%clk 0:14:57]} 64. Ka2 {[%clk 0:07:16]}
Kb7 {[%clk 0:15:19]} 65. f3 {[%clk 0:06:56]} Qf7+ {[%clk 0:14:05]} 66. Rb3 {[%clk
0:07:25]} Qc4 {[%clk 0:14:19]} 67. Ka3 {[%clk 0:06:08]} Qf4 {[%clk 0:14:38]} 0-1

[Event "European Women's Championship"]
[Site "Vysoke Tatry"]
[Date "2018.04.12"]
[Round "5"]
[White "Martynkova, Olena"]
[Black "Petrenko, Svetlana"]
[Result "1-0"]
[Board "50"]
[WhiteElo "2280"]
[WhiteTitle "WIM"]
[WhiteCountry "UKR"]
[WhiteFideId "14134039"]
[WhiteEloChange "7"]
[BlackElo "2178"]
[BlackTitle "IM"]
[BlackCountry "MDA"]
[BlackFideId "13900196"]
[BlackEloChange "-7"]

1. e4 {[%clk 1:30:48]} c5 {[%clk 1:29:40]} 2. Nf3 {[%clk 1:30:51]} Nc6 {[%clk
1:30:01]} 3. d4 {[%clk 1:30:46]} cxd4 {[%clk 1:30:22]} 4. Nxd4 {[%clk 1:31:08]}
a6 {[%clk 1:28:52]} 5. Nc3 {[%clk 1:25:23]} e6 {[%clk 1:27:34]} 6. Be3 {[%clk
1:23:10]} Qc7 {[%clk 1:25:52]} 7. Qd2 {[%clk 1:21:17]} b5 {[%clk 1:21:56]} 8.
O-O-O {[%clk 1:15:57]} Ne5 {[%clk 1:18:10]} 9. f4 {[%clk 1:03:37]} Nc4 {[%clk
1:16:32]} 10. Bxc4 {[%clk 1:03:06]} Qxc4 {[%clk 1:15:20]} 11. e5 {[%clk 0:50:49]}
Bb4 {[%clk 1:06:45]} 12. Nde2 {[%clk 0:46:11]} Ne7 {[%clk 1:05:41]} 13. a3 {[%clk
0:41:26]} Bxc3 {[%clk 0:53:41]} 14. Nxc3 {[%clk 0:41:30]} O-O {[%clk 0:47:51]}
15. Rhe1 {[%clk 0:32:26]} b4 {[%clk 0:43:00]} 16. axb4 {[%clk 0:30:08]} Qxb4
{[%clk 0:43:14]} 17. Qd6 {[%clk 0:23:58]} Qxd6 {[%clk 0:43:34]} 18. Rxd6 {[%clk
0:22:39]} Nf5 {[%clk 0:43:25]} 19. Rb6 {[%clk 0:19:06]} Nxe3 {[%clk 0:42:02]} 20.
Rxe3 {[%clk 0:19:30]} Ra7 {[%clk 0:37:36]} 21. Rd3 {[%clk 0:14:30]} Rc7 {[%clk
0:33:48]} 22. Ne4 {[%clk 0:09:47]} Bb7 {[%clk 0:33:59]} 23. Nd6 {[%clk 0:09:40]}
Bxg2 {[%clk 0:33:53]} 24. Rg3 {[%clk 0:05:57]} Rc6 {[%clk 0:27:02]} 25. Rb4
{[%clk 0:03:20]} Bd5 {[%clk 0:25:15]} 26. f5 {[%clk 0:02:12]} g6 {[%clk 0:19:06]}
27. f6 {[%clk 0:02:34]} h5 {[%clk 0:16:07]} 28. Kd2 {[%clk 0:01:46]} Rc5 {[%clk
0:16:02]} 29. Rh4 {[%clk 0:01:19]} Kh7 {[%clk 0:16:18]} 30. b4 {[%clk 0:01:08]}
Rc7 {[%clk 0:16:26]} 31. c4 {[%clk 0:01:04]} Bb7 {[%clk 0:14:44]} 32. Rf4 {[%clk
0:01:06]} Kh6 {[%clk 0:14:26]} 33. h4 {[%clk 0:01:27]} Kh7 {[%clk 0:14:21]} 34.
Kc3 {[%clk 0:01:01]} Kg8 {[%clk 0:14:04]} 35. Kd4 {[%clk 0:01:04]} Rb8 {[%clk
0:12:32]} 36. Rf2 {[%clk 0:01:13]} Rc6 {[%clk 0:07:12]} 37. Rb2 {[%clk 0:01:09]}
Ba8 {[%clk 0:04:38]} 38. Ra3 {[%clk 0:01:25]} Rcb6 {[%clk 0:04:50]} 39. Rab3
{[%clk 0:00:44]} Bh1 {[%clk 0:04:20]} 40. Rb1 {[%clk 0:30:33]} Bg2 {[%clk
0:34:11]} 41. b5 {[%clk 0:28:07]} axb5 {[%clk 0:33:37]} 42. Rxb5 {[%clk 0:28:06]}
Rxb5 {[%clk 0:33:58]} 43. cxb5 {[%clk 0:27:52]} Ra8 {[%clk 0:33:13]} 44. b6
{[%clk 0:27:23]} Ra4+ {[%clk 0:30:16]} 45. Ke3 {[%clk 0:27:23]} Ra5 {[%clk
0:18:47]} 46. b7 {[%clk 0:25:16]} Bxb7 {[%clk 0:19:07]} 47. Rxb7 {[%clk 0:25:35]}
Rxe5+ {[%clk 0:19:33]} 48. Kf4 {[%clk 0:25:47]} Rd5 {[%clk 0:17:44]} 49. Rxd7
{[%clk 0:25:49]} g5+ {[%clk 0:17:37]} 50. hxg5 {[%clk 0:25:27]} Rd4+ {[%clk
0:10:28]} 51. Ke3 {[%clk 0:24:56]} Rd5 {[%clk 0:04:35]} 52. Rd8+ {[%clk 0:24:27]}
Kh7 {[%clk 0:05:03]} 53. Nxf7 {[%clk 0:24:32]} Ra5 {[%clk 0:05:20]} 54. Nd6
{[%clk 0:23:39]} 1-0

[Event "European Women's Championship"]
[Site "Vysoke Tatry"]
[Date "2018.04.12"]
[Round "5"]
[White "Sargsyan, Anna M."]
[Black "Batyte, Daiva"]
[Result "1-0"]
[Board "51"]
[WhiteElo "2276"]
[WhiteTitle "WFM"]
[WhiteCountry "ARM"]
[WhiteFideId "13308130"]
[WhiteEloChange "7"]
[BlackElo "2165"]
[BlackTitle "WFM"]
[BlackCountry "LTU"]
[BlackFideId "12801860"]
[BlackEloChange "-7"]

1. d4 {[%clk 1:29:13]} Nf6 {[%clk 1:30:54]} 2. Nf3 {[%clk 1:29:40]} g6 {[%clk
1:31:16]} 3. c4 {[%clk 1:30:06]} Bg7 {[%clk 1:31:40]} 4. g3 {[%clk 1:30:33]} d6
{[%clk 1:31:45]} 5. Bg2 {[%clk 1:30:57]} O-O {[%clk 1:32:08]} 6. Nc3 {[%clk
1:31:23]} Nc6 {[%clk 1:31:32]} 7. O-O {[%clk 1:31:45]} Bg4 {[%clk 1:31:47]} 8. d5
{[%clk 1:31:52]} Na5 {[%clk 1:30:32]} 9. Nd2 {[%clk 1:31:57]} c5 {[%clk 1:26:54]}
10. h3 {[%clk 1:29:29]} Bd7 {[%clk 1:26:11]} 11. e4 {[%clk 1:29:46]} a6 {[%clk
1:22:58]} 12. Qe2 {[%clk 1:28:58]} Rb8 {[%clk 1:21:11]} 13. a4 {[%clk 1:29:03]}
Ne8 {[%clk 1:08:49]} 14. f4 {[%clk 1:26:45]} Qc7 {[%clk 1:03:50]} 15. Kh2 {[%clk
1:23:14]} e5 {[%clk 0:51:54]} 16. f5 {[%clk 1:18:15]} b6 {[%clk 0:46:13]} 17. b3
{[%clk 1:17:18]} Bf6 {[%clk 0:42:49]} 18. Rb1 {[%clk 1:15:40]} Ng7 {[%clk
0:39:19]} 19. g4 {[%clk 1:15:31]} Bg5 {[%clk 0:35:01]} 20. Nf3 {[%clk 1:12:16]}
Bxc1 {[%clk 0:34:00]} 21. Rfxc1 {[%clk 1:12:45]} f6 {[%clk 0:33:38]} 22. h4
{[%clk 1:07:51]} Qd8 {[%clk 0:27:46]} 23. Qe3 {[%clk 1:06:51]} Qe8 {[%clk
0:27:29]} 24. Bh3 {[%clk 1:05:57]} Qf7 {[%clk 0:24:16]} 25. Rf1 {[%clk 1:04:20]}
gxf5 {[%clk 0:22:51]} 26. exf5 {[%clk 1:04:15]} b5 {[%clk 0:22:08]} 27. axb5
{[%clk 1:02:11]} axb5 {[%clk 0:22:25]} 28. Nd2 {[%clk 1:02:21]} bxc4 {[%clk
0:19:49]} 29. bxc4 {[%clk 1:02:49]} Qe7 {[%clk 0:18:37]} 30. Nce4 {[%clk
1:02:19]} Rxb1 {[%clk 0:14:19]} 31. Rxb1 {[%clk 1:02:47]} h5 {[%clk 0:13:51]} 32.
g5 {[%clk 1:00:42]} Bxf5 {[%clk 0:08:51]} 33. gxf6 {[%clk 1:00:03]} Rxf6 {[%clk
0:09:06]} 34. Nxf6+ {[%clk 0:58:35]} Qxf6 {[%clk 0:09:01]} 35. Bxf5 {[%clk
0:49:06]} Qxf5 {[%clk 0:08:27]} 36. Rb5 {[%clk 0:47:43]} Nxc4 {[%clk 0:06:06]}
37. Nxc4 {[%clk 0:47:57]} Qg4 {[%clk 0:06:12]} 38. Nxd6 {[%clk 0:46:50]} Qxh4+
{[%clk 0:06:05]} 39. Kg2 {[%clk 0:46:59]} Qg4+ {[%clk 0:03:59]} 40. Kf2 {[%clk
1:17:18]} Qh4+ {[%clk 0:32:41]} 41. Ke2 {[%clk 1:17:40]} Qg4+ {[%clk 0:31:41]}
42. Kd2 {[%clk 1:17:46]} Qg2+ {[%clk 0:26:28]} 43. Kc3 {[%clk 1:18:05]} Qxd5
{[%clk 0:23:13]} 44. Qxc5 {[%clk 1:16:48]} Qf3+ {[%clk 0:21:58]} 45. Kc4 {[%clk
1:16:54]} Qf4+ {[%clk 0:18:24]} 46. Kd5 {[%clk 1:16:14]} Qd2+ {[%clk 0:17:59]}
47. Kxe5 {[%clk 1:14:37]} Qg5+ {[%clk 0:17:23]} 48. Ke4 {[%clk 1:14:59]} Qg2+
{[%clk 0:16:24]} 49. Kd3 {[%clk 1:14:24]} Qf1+ {[%clk 0:15:26]} 50. Kc2 {[%clk
1:13:54]} Qe2+ {[%clk 0:15:12]} 51. Kb1 {[%clk 1:14:14]} Qd1+ {[%clk 0:15:08]}
52. Ka2 {[%clk 1:14:16]} Kh7 {[%clk 0:12:13]} 53. Rb7 {[%clk 1:12:07]} Qe2+
{[%clk 0:12:01]} 54. Rb2 {[%clk 1:11:05]} Qa6+ {[%clk 0:10:55]} 55. Kb3 {[%clk
1:11:26]} Qd3+ {[%clk 0:10:44]} 56. Kb4 {[%clk 1:10:58]} Qg3 {[%clk 0:08:41]} 57.
Rf2 {[%clk 1:09:55]} h4 {[%clk 0:06:31]} 58. Ne4 {[%clk 1:08:24]} Qg4 {[%clk
0:04:35]} 59. Qd4 {[%clk 1:08:04]} Qc8 {[%clk 0:02:16]} 60. Nf6+ {[%clk 1:06:23]}
Kg6 {[%clk 0:02:21]} 61. Qe4+ {[%clk 1:04:59]} Nf5 {[%clk 0:02:23]} 62. Nd5
{[%clk 1:04:48]} Qb7+ {[%clk 0:02:19]} 63. Kc3 {[%clk 1:04:45]} Qg7+ {[%clk
0:00:58]} 64. Kc2 {[%clk 1:03:34]} Qf7 {[%clk 0:00:36]} 65. Rxf5 {[%clk 1:03:37]}
1-0

[Event "European Women's Championship"]
[Site "Vysoke Tatry"]
[Date "2018.04.12"]
[Round "5"]
[White "Kantane, Anna"]
[Black "Makka, Ioulia"]
[Result "1-0"]
[Board "52"]
[WhiteElo "2266"]
[WhiteTitle "WIM"]
[WhiteCountry "POL"]
[WhiteFideId "1135988"]
[WhiteEloChange "5"]
[BlackElo "2076"]
[BlackTitle "WIM"]
[BlackCountry "GRE"]
[BlackFideId "4205316"]
[BlackEloChange "-5"]

1. e4 {[%clk 1:30:56]} e6 {[%clk 1:30:54]} 2. d4 {[%clk 1:31:19]} d5 {[%clk
1:31:16]} 3. Nd2 {[%clk 1:31:41]} Nf6 {[%clk 1:31:24]} 4. e5 {[%clk 1:31:52]}
Nfd7 {[%clk 1:31:49]} 5. Bd3 {[%clk 1:31:46]} c5 {[%clk 1:31:51]} 6. c3 {[%clk
1:32:08]} Nc6 {[%clk 1:32:00]} 7. Ne2 {[%clk 1:29:15]} Be7 {[%clk 1:32:05]} 8.
O-O {[%clk 1:26:40]} a5 {[%clk 1:31:14]} 9. Nf3 {[%clk 1:20:22]} b6 {[%clk
1:29:35]} 10. Re1 {[%clk 1:09:37]} Ba6 {[%clk 1:29:03]} 11. Bc2 {[%clk 1:09:11]}
Rc8 {[%clk 1:26:09]} 12. a3 {[%clk 0:57:53]} b5 {[%clk 1:20:36]} 13. Be3 {[%clk
0:50:28]} cxd4 {[%clk 1:06:46]} 14. Nexd4 {[%clk 0:43:35]} Ndb8 {[%clk 0:43:47]}
15. Bd3 {[%clk 0:39:15]} Nxd4 {[%clk 0:27:21]} 16. Nxd4 {[%clk 0:39:07]} Nc6
{[%clk 0:24:19]} 17. Bxb5 {[%clk 0:28:06]} Bxb5 {[%clk 0:23:49]} 18. Nxb5 {[%clk
0:28:29]} Nxe5 {[%clk 0:19:53]} 19. Bd4 {[%clk 0:26:30]} Ng6 {[%clk 0:14:17]} 20.
Bxg7 {[%clk 0:22:53]} Rg8 {[%clk 0:14:39]} 21. Bd4 {[%clk 0:23:06]} Nh4 {[%clk
0:13:04]} 22. g3 {[%clk 0:16:24]} Qd7 {[%clk 0:08:13]} 23. a4 {[%clk 0:12:19]} h6
{[%clk 0:06:28]} 24. Kh1 {[%clk 0:10:18]} Nf5 {[%clk 0:06:29]} 25. Qf3 {[%clk
0:08:50]} Rg6 {[%clk 0:06:32]} 26. Bb6 {[%clk 0:06:53]} Bd8 {[%clk 0:04:21]} 27.
Bxd8 {[%clk 0:05:13]} Kxd8 {[%clk 0:04:47]} 28. Rad1 {[%clk 0:04:32]} Rc4 {[%clk
0:04:32]} 29. b3 {[%clk 0:04:49]} Rcg4 {[%clk 0:04:04]} 30. Re5 {[%clk 0:03:01]}
Kc8 {[%clk 0:01:51]} 31. Rxf5 {[%clk 0:02:07]} exf5 {[%clk 0:02:11]} 32. Rxd5
{[%clk 0:02:32]} Qe6 {[%clk 0:01:35]} 33. Nd6+ {[%clk 0:00:59]} Kc7 {[%clk
0:01:05]} 34. Nb5+ {[%clk 0:00:51]} Kc8 {[%clk 0:01:03]} 35. Rxf5 {[%clk
0:00:37]} Re4 {[%clk 0:00:39]} 36. Nd6+ {[%clk 0:00:39]} Qxd6 {[%clk 0:00:50]}
37. Qxe4 {[%clk 0:01:07]} Qd1+ {[%clk 0:00:49]} 38. Kg2 {[%clk 0:01:35]} Qxb3
{[%clk 0:00:46]} 39. Qe8+ {[%clk 0:00:58]} Kc7 {[%clk 0:01:06]} 40. Rc5+ {[%clk
0:30:47]} Kd6 {[%clk 0:31:11]} 41. Qe5+ {[%clk 0:30:35]} 1-0

[Event "European Women's Championship"]
[Site "Vysoke Tatry"]
[Date "2018.04.12"]
[Round "5"]
[White "Solozhenkina, Elizaveta"]
[Black "Caglar, Sila"]
[Result "1/2-1/2"]
[Board "53"]
[WhiteElo "2236"]
[WhiteTitle "WIM"]
[WhiteCountry "RUS"]
[WhiteFideId "34106615"]
[WhiteEloChange "-4"]
[BlackElo "2077"]
[BlackTitle "WFM"]
[BlackCountry "TUR"]
[BlackFideId "6364063"]
[BlackEloChange "4"]

1. Nf3 {[%clk 1:30:59]} Nf6 {[%clk 1:30:46]} 2. g3 {[%clk 1:31:23]} b6 {[%clk
1:29:47]} 3. Bg2 {[%clk 1:31:34]} Bb7 {[%clk 1:30:11]} 4. O-O {[%clk 1:31:46]} g6
{[%clk 1:27:45]} 5. d3 {[%clk 1:31:44]} d5 {[%clk 1:27:21]} 6. Nbd2 {[%clk
1:32:02]} Bg7 {[%clk 1:27:29]} 7. e4 {[%clk 1:29:19]} O-O {[%clk 1:24:02]} 8. Re1
{[%clk 1:28:25]} dxe4 {[%clk 1:21:33]} 9. Ng5 {[%clk 1:17:53]} e5 {[%clk
1:17:51]} 10. Ngxe4 {[%clk 1:16:48]} Nxe4 {[%clk 1:18:12]} 11. Nxe4 {[%clk
1:16:48]} Nc6 {[%clk 1:18:03]} 12. Bg5 {[%clk 1:16:20]} f6 {[%clk 1:17:33]} 13.
Be3 {[%clk 1:15:10]} Qd7 {[%clk 1:14:21]} 14. Qd2 {[%clk 1:13:55]} Rad8 {[%clk
1:07:14]} 15. Nc3 {[%clk 1:06:23]} Na5 {[%clk 1:05:04]} 16. Bxb7 {[%clk 0:57:42]}
Nxb7 {[%clk 1:05:32]} 17. f4 {[%clk 0:54:12]} exf4 {[%clk 0:53:12]} 18. Bxf4
{[%clk 0:54:29]} Nd6 {[%clk 0:53:01]} 19. Qg2 {[%clk 0:50:53]} Nf5 {[%clk
0:49:51]} 20. Rad1 {[%clk 0:44:55]} g5 {[%clk 0:40:22]} 21. Bc1 {[%clk 0:43:51]}
Nd4 {[%clk 0:36:32]} 22. Kh1 {[%clk 0:43:20]} h6 {[%clk 0:33:40]} 23. Nb1 {[%clk
0:26:05]} f5 {[%clk 0:27:42]} 24. c3 {[%clk 0:26:17]} Nc6 {[%clk 0:26:56]} 25. d4
{[%clk 0:26:11]} Rde8 {[%clk 0:20:31]} 26. Nd2 {[%clk 0:24:25]} Rxe1+ {[%clk
0:15:08]} 27. Rxe1 {[%clk 0:24:52]} f4 {[%clk 0:15:16]} 28. gxf4 {[%clk 0:22:13]}
Rxf4 {[%clk 0:14:55]} 29. Ne4 {[%clk 0:20:20]} Rf8 {[%clk 0:14:30]} 30. Ng3
{[%clk 0:19:49]} Ne7 {[%clk 0:12:05]} 31. Nh5 {[%clk 0:18:50]} Ng6 {[%clk
0:11:41]} 32. Qe4 {[%clk 0:09:27]} Qh3 {[%clk 0:08:08]} 33. Qe6+ {[%clk 0:08:40]}
Qxe6 {[%clk 0:08:28]} 34. Rxe6 {[%clk 0:09:06]} Nh4 {[%clk 0:08:50]} 35. Kg1
{[%clk 0:08:06]} Rf7 {[%clk 0:05:36]} 36. Nxg7 {[%clk 0:04:57]} Kxg7 {[%clk
0:05:57]} 37. Be3 {[%clk 0:04:33]} Nf3+ {[%clk 0:05:13]} 38. Kg2 {[%clk 0:04:56]}
Nh4+ {[%clk 0:04:56]} 39. Kg1 {[%clk 0:05:06]} Nf3+ {[%clk 0:05:19]} 40. Kg2
{[%clk 0:35:31]} Nh4+ {[%clk 0:35:45]} 41. Kg1 {[%clk 0:20:03]} 1/2-1/2